Introduction to sociology-I (Major1)/ (Record no. 12217)

MARC details
000 -LEADER
fixed length control field 00603nam a22002057a 4500
005 - DATE AND TIME OF LATEST TRANSACTION
control field 20250902092752.0
008 - FIXED-LENGTH DATA ELEMENTS--GENERAL INFORMATION
fixed length control field 250902b |||||||| |||| 00| 0 eng d
020 ## - INTERNATIONAL STANDARD BOOK NUMBER
International Standard Book Number 9789392339000
040 ## - CATALOGING SOURCE
Original cataloging agency IN-DiNC
Transcribing agency IN-DiNC
041 ## - LANGUAGE CODE
Language code of sung or spoken text English
082 ## - DEWEY DECIMAL CLASSIFICATION NUMBER
Classification number 301
Item number SLA
100 ## - MAIN ENTRY--PERSONAL NAME
Personal name Slariya, Mohinder
Relator term Author
245 ## - TITLE STATEMENT
Title Introduction to sociology-I (Major1)/
Statement of responsibility, etc. by Mohinder Slariya and Abhishiant Slariya
250 ## - EDITION STATEMENT
Edition statement 1st ed.
260 ## - PUBLICATION, DISTRIBUTION, ETC.
Place of publication, distribution, etc. Dibrugarh:
Name of publisher, distributor, etc. Mahaveer publications,
Date of publication, distribution, etc. 2023.
300 ## - PHYSICAL DESCRIPTION
Extent 230p.
650 ## - SUBJECT ADDED ENTRY--TOPICAL TERM
Topical term or geographic name entry element Nature and scope of sociology
700 ## - ADDED ENTRY--PERSONAL NAME
Personal name Slariya, Abhishiant
Relator term Author
942 ## - ADDED ENTRY ELEMENTS (KOHA)
Source of classification or shelving scheme Dewey Decimal Classification
Koha item type Books
Holdings
Withdrawn status Lost status Source of classification or shelving scheme Damaged status Not for loan Collection code Home library Current library Shelving location Date acquired Cost, normal purchase price Total Checkouts Full call number Barcode Date last seen Copy number Price effective from Koha item type Date last checked out
    Dewey Decimal Classification     Sociology Central Library, Naharkatiya College Central Library, Naharkatiya College General Stacks 02/09/2025 250.00   301 SLA 30967 02/09/2025 1 02/09/2025 Books  
    Dewey Decimal Classification     Sociology Central Library, Naharkatiya College Central Library, Naharkatiya College General Stacks 02/09/2025 250.00   301 SLA 30968 02/09/2025 2 02/09/2025 Books  
    Dewey Decimal Classification     Sociology Central Library, Naharkatiya College Central Library, Naharkatiya College General Stacks 02/09/2025 250.00 1 301 SLA 30969 03/11/2025 3 02/09/2025 Books 25/10/2025

Naharkatiya College © 2020. All rights reserved.

Powered By